Statistics for Marvel Movies by Tagline

Click here to take the quiz!

General Stats

  • This quiz has been taken 18 times
  • The average score is 10 of 15

Answer Stats

HintAnswer% Correct
Two worlds. One hero.Thor
94%
Homework can wait. The city can’t.Spider-Man: Homecoming
88%
Avenger the fallen.Avengers: Endgame
81%
Long live the king.Black Panther
81%
It’s Morbin’ time.Morbius
81%
You’ll like him when he’s angry.The Incredible Hulk
81%
Her web connects them all.Madame Web
69%
No hammer. No problem.Thor: Ragnarok
69%
The galaxy won’t save itself.Guardians of the Galaxy Vol 2
56%
Higher. Further. Faster. Together.The Marvels
56%
Witness the origin.X-Men Origins: Wolverine
56%
A Marvel legend will rise.Shang-Chi and the Legend of the Ten Rings
44%
With great power comes great irresponsibility.Deadpool
38%
In heroes we trust.Captain America: The Winter Soldier
31%
The strong will survive.X-Men: Apocalypse
25%

Score Distribution

Percentile by Number Answered

Percent of People with Each Score

Your Score History

You have not taken this quiz